000 01555nam0a22002891 4500
001 rc\4283963
005 20260407072246.0
021 _aRU
_b[61-35476]
035 _a(NLR Aleph) 008493928
090 _a8066551
_c8066551
100 _a20130416d1961 |||y0rusy50 ca
101 0 _arus
102 _aRU
105 _ay z |||||
200 1 _aНормы выдачи бесплатной спецодежды, спецобуви и предохранительных приспособлений рабочим и служащим научных учреждений, организаций и предприятий Академии наук СССР
_e[Ввести в действие с 1 марта 1961 г.]
210 _aМосква
_cБ. и.
_d1961
215 _a254 с.
_d13х20
300 _aНа обл. загл.: Нормы бесплатной выдачи спецодежды...
512 0 _aНормы бесплатной выдачи спецодежды, спецобуви и предохранительных приспособлений рабочим и служащим научных учреждений, организаций и предприятий Академии наук СССР
606 _aСпецодежда
_jНормы выдачи
_2psbo
606 _aЗащитные приспособления
_jНормы выдачи
_2psbo
710 0 2 _aАН СССР
_3RU\NLR\AUTH\881046
_9272478
801 0 _aRU
_bNLR
_gpsbo
801 1 _aRU
_bELAR
_2rusmarc
852 _aNLR
_j61-3/3087
942 _cBOOK
980 _aNB